| 000 | 00710nam a22001337a 4500 | ||
|---|---|---|---|
| 040 | _cRUA | ||
| 082 | _aAGR YIN B535 2015 Or. | ||
| 100 | _aYIN MADOU; យិន ម៉ាឌូ | ||
| 245 | _aScreening for resistance rice varieties at seedling stage to brown plant-hopper in glasshouse condition; ពិសោធន៍តាមដានរកពូជស្រូវនៅដំណាក់កាលសំណាបដែលធន់ទ្រាំនឹងការបំផ្លាញរបស់មមាចត្នោត ក្នុងលក្ខខណ្ឌផ្ទះកញ្ចក់ | ||
| 260 |
_aRUA _bPhnom Penh _c2015 |
||
| 300 |
_ax; 53p. _bill. _c29cm. |
||
| 856 | _u YIN MADOU | ||
| 942 | _cAGR | ||
| 999 |
_c10992 _d10992 |
||